01162 2200193 4500001002100000005001500021035002000036245011500056100002100171250001700192300003400209700002000243260003100263082001000294084001600304020002200320650001800342520060800360INLIS00000000000099020250323052827 a0010-03250000861 aSeri Kendaraan Supercepat :bPesawat Tercepat dan Kendaraan Lain di Udara /cW. Falisha Yumna; Sandu Nurmayana0 aW. Falisha Yumna acetakan ke-1 aii, 30 hlm :bilus ;c25,5 cm0 aSandu Nurmayana aSolo :bTiga Ananda,c2019 a629.1 a629.1 W. s a978-623-206-306-8 4aNonfiksi anak aApa nama pesawat tercepat Berapa kecepatan pesawat pertama Ayo cari tahu jawabannya dalam buku ini Kamu dapat belajar berbagai jenis pesawatpemecah rekor di udara dalam buku ini Foto foto di dalamnya akan memudahkanmu belajar mengenai kendaraan kendaraan tersebut Ayo melaju bersama kendaraan tercepat Apa nama pesawat tercepat Berapa kecepatan pesawat pertama Ayo cari tahu jawabannya dalam buku ini Kamu dapat belajar berbagai jenis pesawatpemecah rekor di udara dalam buku ini Foto foto di dalamnya akan memudahkanmu belajar mengenai kendaraan kendaraan tersebut Ayo melaju bersama kendaraan tercepat